| 000 | 00693nam a2200217Ia 4500 | ||
|---|---|---|---|
| 003 | IN-BaIIA | ||
| 008 | 211028s9999 xx 000 0 eng d | ||
| 040 | _cIIA Library | ||
| 080 |
_a047.1:52 _bARA-5 |
||
| 245 | 0 |
_aAnnual review of astronomy and astrophysics _bvol .5 _cedited by Leo Goldberg, David Layzer and John G. Philips |
|
| 260 |
_aCalifornia _bAnnual Reviews _c1967 |
||
| 300 | _avii, 694p. | ||
| 650 |
_aAstronomy _980 |
||
| 650 |
_aAstronomy and Astrophysics Thesaurus _91143 |
||
| 650 |
_aAstrophysics _9794 |
||
| 650 |
_aPeriodicals _98952 |
||
| 700 |
_aGoldberg, Leo, ed. _94090 |
||
| 700 |
_aLayzer, David, ed. _94091 |
||
| 700 |
_aPhilips, John G., ed. _97607 |
||
| 942 | _cBK | ||
| 999 |
_c5036 _d5036 |
||